Text and interpretation : (Record no. 9741)

MARC details
000 -LEADER
fixed length control field 00809 a2200229 4500
010 ## - LIBRARY OF CONGRESS CONTROL NUMBER
LC control number ENG-89034
020 ## - INTERNATIONAL STANDARD BOOK NUMBER
Terms of availability 425.00
International Standard Book Number 8124603375
035 ## - SYSTEM CONTROL NUMBER
System control number EN-72567
037 ## - SOURCE OF ACQUISITION
Source of stock number/acquisition DBAD / PUB
082 14 - DEWEY DECIMAL CLASSIFICATION NUMBER
Classification number 410
090 ## - LOCALLY ASSIGNED LC-TYPE CALL NUMBER (OCLC); LOCAL CALL NUMBER (OCLC)
-- 9931
-- 9931
100 1# - MAIN ENTRY--PERSONAL NAME
Personal name Kapoor, Kapil
245 1# - TITLE STATEMENT
Title Text and interpretation :
Statement of responsibility, etc by Kapil Kapoor
Remainder of title the Indian tradition /
260 ## - PUBLICATION, DISTRIBUTION, ETC. (IMPRINT)
Place of publication, distribution, etc New Delhi
Name of publisher, distributor, etc D.K. Printworld
Date of publication, distribution, etc 2005
270 ## - ADDRESS
Address Regd. Office: `Sri Kunj', F-52, Bali Nagar,
City New Delhi
Postal code 110 015
300 ## - PHYSICAL DESCRIPTION
Dimensions 23 cm (Hb)
Other physical details folded chart
Extent xi, 220p.
500 ## - GENERAL NOTE
General note Includes bibliographical references and index
650 ## - SUBJECT ADDED ENTRY--TOPICAL TERM
Topical term or geographic name as entry element Hermeneutics
650 ## - SUBJECT ADDED ENTRY--TOPICAL TERM
Topical term or geographic name as entry element Criticism, textual
General subdivision Sanskrit language-Grammar
942 ## - ADDED ENTRY ELEMENTS (KOHA)
Koha item type English Books
Institution code [OBSOLETE] dpl
Call number prefix 410 / KAP
Holdings
Withdrawn status Lost status Source of classification or shelving scheme Damaged status Not for loan Collection code Home library Current library Source of acquisition Cost, normal purchase price Total Checkouts Full call number Barcode Date last seen Copy number Uniform Resource Identifier Cost, replacement price Price effective from Koha item type
    Dewey Decimal Classification   Not For Loan Non-fiction D.B.Act.Division D.B.Act.Division DBAD/PUB 425.00   410 KAP EN-72567 15/09/2008 1 10742 425.00 15/09/2008 English Books

© Delhi Public Library
Hit Counter
free hit counter